000
00281nam a22001217a 4500
003
SGT
082
_a
070
_b
NMS
100
_a
NAIMISARAI , MOHANDAS
245
_a
DHARTIPUTRA SIR CHOTURAM KI SANGARSH YATRA
260
_b
SAMYAK PRAKASHAN
_c
2022
300
_a
102
942
_2
ddc
_c
BK
_0
2
999
_c
25205
_d
25205